000 00482nam a2200157Ia 4500
008 100122s9999 xx 000 0 und d
082 _b64502
_a823
100 _aखानोलकर चिं त्र्यं
245 _aअजगर (क.क्र. 14/2 )
250 _a3
260 _bमौज प्रकाशन गृह
_c2003
300 _a90
630 _aअजगर (क.क्र. 14/2 )
730 _aअजगर (क.क्र. 14/2 )
942 _cBOOK
999 _c438006
_d438003